Mañjhana kā saundaryadarśana. (Record no. 76971)

MARC details
000 -LEADER
fixed length control field 00711cam a22002411 4500
001 - CONTROL NUMBER
control field sa 68000131
003 - CONTROL NUMBER IDENTIFIER
control field DLC
005 - DATE AND TIME OF LATEST TRANSACTION
control field 20260227112420.0
008 - FIXED-LENGTH DATA ELEMENTS--GENERAL INFORMATION
fixed length control field 890613s1966 ii b 000 0 hino
010 ## - LIBRARY OF CONGRESS CONTROL NUMBER
LC control number sa 68000131
035 ## - SYSTEM CONTROL NUMBER
System control number (OCoLC)19863917
040 ## - CATALOGING SOURCE
Original cataloging agency DLC
Transcribing agency WaU
Modifying agency NRU
-- DLC
042 ## - AUTHENTICATION CODE
Authentication code premarc
050 00 - LIBRARY OF CONGRESS CALL NUMBER
Classification number PK2095.M35
Item number M38
100 1# - MAIN ENTRY--PERSONAL NAME
Personal name Saksena, Lalta Prasad.
245 10 - TITLE STATEMENT
Title Mañjhana kā saundaryadarśana.
250 ## - EDITION STATEMENT
Edition statement [1. saṃskaraṇa
260 ## - PUBLICATION, DISTRIBUTION, ETC.
Place of publication, distribution, etc. Jayapura,
Name of publisher, distributor, etc. Nirmala Prakāśana; mukhya vitaraka] Ātmārāma [Dillī,
Date of publication, distribution, etc. 1966]
300 ## - PHYSICAL DESCRIPTION
Extent 208 p.
Dimensions 23 cm.
500 ## - GENERAL NOTE
General note In Hindi.
504 ## - BIBLIOGRAPHY, ETC. NOTE
Bibliography, etc. note Bibliographical footnotes.
600 00 - SUBJECT ADDED ENTRY--PERSONAL NAME
Personal name Mañjhana,
Dates associated with a name active 16th century.
Title of a work Madhumālatī.

No items available.

Powered by Koha